[Event "Madrid ch  2012-13 - Semifinal A"]
[Site "Madrid ESP"]
[Date "2013.03.12"]
[Round "2.10"]
[White "Dierssen Garcia-Barredo, Guill"]
[Black "Ballesteros Gonzalez, David"]
[Result "0-1"]
[WhiteElo "1887"]
[BlackElo "2231"]
[PlyCount "104"]
[EventDate "2013.03.11"]
[EventType "swiss"]
[EventRounds "9"]
[EventCountry "ESP"]
[Source "lmi"]
[SourceDate "2013.03.11"]

1. d4 Nf6 2. c4 g6 3. Nc3 Bg7 4. e4 d6 5. f4 c5 6. d5 O-O 7. Nf3 e6 8. Be2 exd5
9. exd5 Bf5 10. O-O Ne4 11. Nxe4 Bxe4 12. Bd3 Bxd3 13. Qxd3 Re8 14. f5 Nd7 15.
fxg6 hxg6 16. Ng5 Bf6 17. Qh3 Bxg5 18. Bxg5 Qxg5 19. Qxd7 Qe3+ 20. Kh1 Qe7 21.
Qg4 Kg7 22. Qf4 f5 23. Qg3 Qe5 24. Rae1 Qxg3 25. hxg3 Re5 26. Rxe5 dxe5 27. Kg1
Rd8 28. Kf2 b5 29. b3 Kf6 30. Rd1 a6 31. Ke3 e4 32. d6 Ke6 33. Rd5 bxc4 34.
bxc4 Rxd6 35. Rxc5 Rd3+ 36. Kf4 g5+ 37. Kxg5 Rxg3+ 38. Kf4 Rg4+ 39. Ke3 Rxg2
40. Rc6+ Ke5 41. Rc5+ Kf6 42. Rc6+ Kg5 43. Rxa6 Rg3+ 44. Ke2 f4 45. Re6 Kf5 46.
Re8 Rg2+ 47. Ke1 Rxa2 48. Rf8+ Ke5 49. Rd8 e3 50. Re8+ Kd4 51. Rd8+ Ke4 52. c5
Ra1+ 0-1

[Event "Madrid ch  2012-13 - Semifinal A"]
[Site "Madrid ESP"]
[Date "2013.03.12"]
[Round "2.11"]
[White "Baeza Escudero, Javier"]
[Black "Martin-Consuegra Barrilero, Francisco Javier"]
[Result "1-0"]
[WhiteElo "2015"]
[BlackElo "1886"]
[PlyCount "109"]
[EventDate "2013.03.11"]
[EventType "swiss"]
[EventRounds "9"]
[EventCountry "ESP"]
[Source "lmi"]
[SourceDate "2013.03.11"]

1. d4 d6 2. c4 e5 3. dxe5 dxe5 4. Qxd8+ Kxd8 5. Nf3 f6 6. g3 Be6 7. Nbd2 Nd7 8.
Bg2 c6 9. O-O h5 10. Nh4 Ne7 11. Be4 g5 12. Nhf3 h4 13. b4 Kc7 14. Bb2 Bf5 15.
c5 Bxe4 16. Nxe4 Nd5 17. Rfd1 Re8 18. a3 hxg3 19. hxg3 Be7 20. Nd6 Bxd6 21.
cxd6+ Kb8 22. e4 N5b6 23. Nd2 Na4 24. Rab1 g4 25. Nf1 Rh5 26. Ne3 Reh8 27. Kf1
Rg8 28. Ke2 Kc8 29. Ba1 Ndb6 30. Rbc1 Kd7 31. b5 Rhg5 32. bxc6+ bxc6 33. Rc2
Rc8 34. Nf5 Rxf5 35. exf5 Nd5 36. Rc4 Nab6 37. Rxg4 Kxd6 38. Rg7 Nd7 39. Bc3
Rc7 40. Bd2 c5 41. f4 e4 42. g4 Kc6 43. g5 e3 44. Bxe3 Nc3+ 45. Ke1 Nxd1 46.
Kxd1 Rc8 47. g6 a6 48. Re7 Rg8 49. Bd2 Nf8 50. Rf7 Nd7 51. Bc3 Rd8 52. Kc2 Kd5
53. g7 Kc6 54. Bxf6 Nxf6 55. Rxf6+ 1-0

[Event "Madrid ch  2012-13 - Semifinal A"]
[Site "Madrid ESP"]
[Date "2013.03.12"]
[Round "2.12"]
[White "Morera Rodriguez, Ignacio"]
[Black "Martos De La Vega, Alvar"]
[Result "0-1"]
[WhiteElo "1866"]
[BlackElo "1973"]
[PlyCount "100"]
[EventDate "2013.03.11"]
[EventType "swiss"]
[EventRounds "9"]
[EventCountry "ESP"]
[Source "lmi"]
[SourceDate "2013.03.11"]

1. d4 Nf6 2. c4 g6 3. Nc3 Bg7 4. e4 d6 5. Nf3 O-O 6. Be2 e5 7. O-O Nc6 8. d5
Ne7 9. b4 Nh5 10. g3 f5 11. Ng5 Nf6 12. Bf3 c6 13. Bg2 Nh5 14. Ba3 h6 15. Ne6
Bxe6 16. dxe6 Nf6 17. c5 d5 18. exd5 Nfxd5 19. Nxd5 cxd5 20. Qb3 e4 21. Rad1
Qc8 22. f3 Qxe6 23. fxe4 fxe4 24. Rfe1 Qf7 25. Re2 Kh7 26. b5 Rad8 27. Rf1 Bd4+
28. Kh1 Qg7 29. Rd1 Rfe8 30. Qa4 Be5 31. Bh3 h5 32. Be6 Qf6 33. Bh3 Qf3+ 34.
Rg2 h4 35. c6 bxc6 36. bxc6 Nxc6 37. Rc1 Ne7 38. Qxa7 Ra8 39. Qd7 Qxa3 40. Rf1
Rf8 41. Rgf2 Bg7 42. Qg4 Nf5 43. Rxf5 gxf5 44. Qh5+ Kg8 45. Bxf5 Rf6 46. Bh7+
Kf8 47. Rxf6+ Bxf6 48. Qxd5 Qf3+ 49. Kg1 Rd8 50. Bxe4 Qe3+ 0-1

[Event "Madrid ch  2012-13 - Semifinal A"]
[Site "Madrid ESP"]
[Date "2013.03.12"]
[Round "2.13"]
[White "Lopez Heras, Arturo"]
[Black "Cano Mercado, Francisco Manuel"]
[Result "0-1"]
[WhiteElo "1946"]
[BlackElo "1870"]
[PlyCount "56"]
[EventDate "2013.03.11"]
[EventType "swiss"]
[EventRounds "9"]
[EventCountry "ESP"]
[Source "lmi"]
[SourceDate "2013.03.11"]

1. e4 c6 2. d4 d5 3. e5 Bf5 4. h4 h5 5. c4 e6 6. Nc3 Nd7 7. Nf3 dxc4 8. Bxc4
Nb6 9. Be2 Ne7 10. O-O Qd7 11. a4 a5 12. Bg5 Nbd5 13. Nd2 Nb4 14. Nc4 Nc8 15.
Rc1 Be7 16. Ne3 Bxg5 17. hxg5 Ne7 18. Bxh5 Rd8 19. Nc4 Nc8 20. Be2 Kf8 21. Qb3
Nd3 22. Rcd1 Qxd4 23. g3 Be4 24. Nxe4 Qxe4 25. f3 Qxe2 26. Rd2 Nc5 27. Rxd8+
Ke7 28. Rd2 Rh1+ 0-1

[Event "Madrid ch  2012-13 - Semifinal A"]
[Site "Madrid ESP"]
[Date "2013.03.12"]
[Round "2.14"]
[White "Pinel Mirasierra, Jose Pablo"]
[Black "Saber, Salah"]
[Result "1-0"]
[WhiteElo "1928"]
[BlackElo "1863"]
[PlyCount "85"]
[EventDate "2013.03.11"]
[EventType "swiss"]
[EventRounds "9"]
[EventCountry "ESP"]
[Source "lmi"]
[SourceDate "2013.03.11"]

1. e4 d6 2. Nf3 c6 3. d4 Bg4 4. Bc4 e6 5. O-O d5 6. exd5 cxd5 7. Bb5+ Nc6 8.
Bf4 Bd6 9. Bxd6 Qxd6 10. c3 Nge7 11. Nbd2 O-O 12. Bd3 a6 13. Bxh7+ Kxh7 14.
Ng5+ Kg6 15. Qxg4 f5 16. Nge4+ fxg4 17. Nxd6 Rab8 18. c4 Rfd8 19. c5 Nxd4 20.
Nb3 Nec6 21. Rfe1 Kf6 22. Nxd4 Nxd4 23. Rad1 Nc6 24. Re3 b6 25. Rde1 e5 26. b4
bxc5 27. bxc5 Rb2 28. a3 Rdb8 29. f3 gxf3 30. Rxf3+ Kg6 31. Rg3+ Kh7 32. h4
R8b3 33. Ree3 Rxe3 34. Rxe3 Rc2 35. Nf7 d4 36. Ng5+ Kg6 37. Rg3 Kf5 38. Rf3+
Kg4 39. Ne6 e4 40. Rf7 g6 41. Rf6 Kxh4 42. Rxg6 d3 43. g3+ 1-0

[Event "Madrid ch  2012-13 - Semifinal A"]
[Site "Madrid ESP"]
[Date "2013.03.12"]
[Round "2.15"]
[White "Hernandez Garcia, Carlos"]
[Black "Santamaria Baeza, Adolfo"]
[Result "0-1"]
[WhiteElo "2025"]
[BlackElo "1891"]
[PlyCount "109"]
[EventDate "2013.03.11"]
[EventType "swiss"]
[EventRounds "9"]
[EventCountry "ESP"]
[Source "lmi"]
[SourceDate "2013.03.11"]

1. e4 e5 2. Nf3 Nc6 3. Bb5 Bc5 4. d3 h6 5. O-O Qf6 6. c3 Nge7 7. b4 Bb6 8. Bb2
O-O 9. Nbd2 Ng6 10. Nc4 d6 11. h3 Nf4 12. Kh2 Qg6 13. g3 Nxh3 14. Nh4 Qf6 15.
Nxb6 axb6 16. Bc4 Ne7 17. Qf3 Qxf3 18. Nxf3 Bg4 19. Nd2 Ng5 20. f4 Ne6 21. Rf2
c6 22. Bb3 b5 23. fxe5 dxe5 24. Nf3 Ng6 25. d4 Bxf3 26. Rxf3 Ng5 27. Re3 Rad8
28. a4 bxa4 29. Rxa4 Kh7 30. Re2 exd4 31. cxd4 Nf3+ 32. Kg2 Nxd4 33. Bxd4 Rxd4
34. b5 Rxa4 35. Bxa4 cxb5 36. Bxb5 f6 37. Rc2 Rf7 38. Bc4 Rd7 39. Rb2 Ne7 40.
Rb6 Nc8 41. Rb4 Kg6 42. Bd5 Nd6 43. Rb6 Kg5 44. Kf3 h5 45. Be6 Rd8 46. Bd5 g6
47. Bb3 f5 48. e5 Ne4 49. Bf7 Rd3+ 50. Ke2 Rxg3 51. Rxg6+ Kf4 52. Rxg3 Nxg3+
53. Kf2 Ne4+ 54. Ke2 Kxe5 55. Bxh5 0-1

[Event "Madrid ch  2012-13 - Semifinal A"]
[Site "Madrid ESP"]
[Date "2013.03.13"]
[Round "3.1"]
[White "Mansilla Tolosa, Luis"]
[Black "Nieto De La Cruz, Julio"]
[Result "1/2-1/2"]
[WhiteElo "2036"]
[BlackElo "2111"]
[PlyCount "32"]
[EventDate "2013.03.11"]
[EventType "swiss"]
[EventRounds "9"]
[EventCountry "ESP"]
[Source "lmi"]
[SourceDate "2013.03.11"]

1. d4 g6 2. Nf3 Bg7 3. c4 d6 4. g3 e5 5. Nc3 exd4 6. Nxd4 Nf6 7. Bg2 O-O 8. O-O
a6 9. Qc2 c5 10. Nb3 Bf5 11. e4 Bg4 12. e5 dxe5 13. Bxb7 Nbd7 14. Be3 Bf5 15.
Qe2 Rb8 16. Bg2 Ng4 1/2-1/2

[Event "Madrid ch  2012-13 - Semifinal A"]
[Site "Madrid ESP"]
[Date "2013.03.13"]
[Round "3.2"]
[White "Lopez De Turiso, Jose Angel"]
[Black "De La Puerta Cresis, Javier"]
[Result "0-1"]
[WhiteElo "2066"]
[BlackElo "2019"]
[PlyCount "84"]
[EventDate "2013.03.11"]
[EventType "swiss"]
[EventRounds "9"]
[EventCountry "ESP"]
[Source "lmi"]
[SourceDate "2013.03.11"]

1. d4 Nf6 2. Bg5 d5 3. Bxf6 exf6 4. e3 c5 5. c3 Nc6 6. Nd2 Bd6 7. g3 Be6 8. Bg2
O-O 9. Ne2 cxd4 10. cxd4 Qd7 11. Nf4 Bxf4 12. gxf4 Rfe8 13. O-O Bh3 14. Qf3
Bxg2 15. Qxg2 Rac8 16. Rfc1 Nb4 17. Nf1 Nd3 18. Rxc8 Rxc8 19. Ng3 g6 20. Nh5
Qf5 21. Ng3 Qd7 22. Nh5 Qe6 23. Ng3 Rc2 24. f5 Qc6 25. Rf1 Rxb2 26. fxg6 hxg6
27. h4 Rxa2 28. h5 g5 29. Nf5 Qe6 30. Qxd5 Qxd5 31. Ne7+ Kg7 32. Nxd5 b5 33.
Nc3 Rb2 34. Ra1 Nxf2 35. Rxa7 b4 36. Nd5 b3 37. h6+ Kxh6 38. Rxf7 Ne4 39. Nxf6
Kg6 40. Re7 Nxf6 41. e4 Rd2 42. e5 b2 0-1

[Event "Madrid ch  2012-13 - Semifinal A"]
[Site "Madrid ESP"]
[Date "2013.03.13"]
[Round "3.5"]
[White "Lorenzo Bailador, Alfredo"]
[Black "Garcia Galeote, Lorenzo"]
[Result "0-1"]
[WhiteElo "2016"]
[BlackElo "1997"]
[PlyCount "55"]
[EventDate "2013.03.11"]
[EventType "swiss"]
[EventRounds "9"]
[EventCountry "ESP"]
[Source "lmi"]
[SourceDate "2013.03.11"]

1. e4 Nc6 2. Nc3 Nf6 3. Nf3 d6 4. d4 Bg4 5. Be2 g6 6. Be3 Bg7 7. Qd2 O-O 8. h3
Bxf3 9. gxf3 e5 10. d5 Nh5 11. dxc6 bxc6 12. Bh6 Rb8 13. Bxg7 Kxg7 14. b3 Nf4
15. Bd3 Qf6 16. O-O-O a5 17. a4 Rb4 18. Rdg1 Rfb8 19. h4 h6 20. Rg4 Ne6 21. Qe3
Nd4 22. Rg3 Qe6 23. Bc4 Rxc4 24. bxc4 Qxc4 25. Qd3 Qc5 26. Rgg1 Qa3+ 27. Kd2
Rb2 28. Rc1 0-1

[Event "Madrid ch  2012-13 - Semifinal A"]
[Site "Madrid ESP"]
[Date "2013.03.13"]
[Round "3.6"]
[White "Ballesteros Gonzalez, David"]
[Black "Fuentes Arjona, Antonio"]
[Result "1-0"]
[WhiteElo "2231"]
[BlackElo "2013"]
[PlyCount "87"]
[EventDate "2013.03.11"]
[EventType "swiss"]
[EventRounds "9"]
[EventCountry "ESP"]
[Source "lmi"]
[SourceDate "2013.03.11"]

1. d4 Nf6 2. c4 e5 3. dxe5 Ng4 4. Nf3 Nc6 5. Nc3 Bc5 6. e3 Ngxe5 7. Be2 d6 8.
O-O O-O 9. Na4 Be6 10. b3 a5 11. Nxc5 dxc5 12. Bb2 f6 13. Qc2 Bf7 14. Rad1 Qe7
15. Nh4 Rfd8 16. f4 Nb4 17. Qb1 Ned3 18. Nf5 Qe4 19. g4 g6 20. Bf3 Qe6 21. Nh6+
Kf8 22. Bc1 Nxc1 23. Qxc1 Nxa2 24. Qa1 Qxe3+ 25. Kh1 Rxd1 26. Qxd1 Nc3 27. Qd7
Qe7 28. Qd3 Na2 29. Nxf7 Kxf7 30. Qd5+ Kg7 31. Qd2 Nb4 32. Re1 Qf7 33. Bxb7 Rb8
34. Bf3 Re8 35. Rd1 Re7 36. Kg2 a4 37. g5 axb3 38. Qc3 Nc2 39. Rd8 Nd4 40. Bd5
Ne6 41. gxf6+ Qxf6 42. Rg8+ Kf7 43. Rf8+ Kg7 44. Qxf6+ 1-0

[Event "Madrid ch  2012-13 - Semifinal A"]
[Site "Madrid ESP"]
[Date "2013.03.13"]
[Round "3.7"]
[White "Gonzalez Mateos, Rafael"]
[Black "Martos De La Vega, Alvar"]
[Result "0-1"]
[WhiteElo "2110"]
[BlackElo "1973"]
[PlyCount "122"]
[EventDate "2013.03.11"]
[EventType "swiss"]
[EventRounds "9"]
[EventCountry "ESP"]
[Source "lmi"]
[SourceDate "2013.03.11"]

1. d4 Nf6 2. c3 g6 3. Bg5 Bg7 4. Nd2 O-O 5. e4 d6 6. f4 c5 7. d5 Qc7 8. Ngf3 e6
9. dxe6 Bxe6 10. Bd3 Re8 11. Qe2 Nc6 12. O-O-O a6 13. Kb1 b5 14. Rhe1 c4 15.
Bc2 Nd7 16. Qf1 Bg4 17. h3 Bxf3 18. Nxf3 Rab8 19. Nd4 a5 20. Ka1 Nxd4 21. cxd4
a4 22. e5 a3 23. bxa3 Qa5 24. Qf3 Bf8 25. Re3 b4 26. axb4 Qxb4 27. Rb1 Qd2 28.
Rc3 Rxb1+ 29. Kxb1 Rb8+ 30. Bb3 cxb3 31. axb3 Qxd4 32. exd6 Qxd6 33. f5 Nc5 34.
Bf4 Qd8 35. Bxb8 Qxb8 36. Qd5 Qb4 37. fxg6 hxg6 38. Rf3 Qe1+ 39. Kc2 Ne6 40.
Qd7 Qe2+ 41. Kb1 Qe4+ 42. Qd3 Qe1+ 43. Kc2 Qa1 44. Qf1 Qa2+ 45. Kc3 Bg7+ 46.
Kc4 Qa6+ 47. Kb4 Qd6+ 48. Ka4 Bf8 49. Kb5 Nd4+ 50. Kc4 Qb4+ 51. Kd5 Nxf3 52.
Qxf3 Qb7+ 53. Kc4 Qxf3 54. gxf3 Kg7 55. b4 Bd6 56. b5 Kf6 57. Kd5 Bb8 58. Kc6
Kf5 59. Kd7 g5 60. b6 f6 61. b7 Ke5 0-1

[Event "Madrid ch  2012-13 - Semifinal A"]
[Site "Madrid ESP"]
[Date "2013.03.13"]
[Round "3.8"]
[White "Spitzer Isbert, Ramon"]
[Black "Santamaria Baeza, Adolfo"]
[Result "0-1"]
[WhiteElo "2089"]
[BlackElo "1891"]
[PlyCount "100"]
[EventDate "2013.03.11"]
[EventType "swiss"]
[EventRounds "9"]
[EventCountry "ESP"]
[Source "lmi"]
[SourceDate "2013.03.11"]

1. e4 e5 2. Nf3 Nc6 3. Bc4 Bc5 4. b4 Bxb4 5. c3 Bc5 6. d4 exd4 7. O-O d6 8.
cxd4 Bb6 9. Nc3 Bg4 10. Qb3 Bxf3 11. Bxf7+ Kf8 12. Bxg8 Rxg8 13. gxf3 Nxd4 14.
Qd5 Nxf3+ 15. Kg2 Qf6 16. e5 Nxe5 17. f4 c6 18. Qxd6+ Qxd6 19. fxe5+ Ke7 20.
exd6+ Kxd6 21. Bf4+ Kc5 22. Ne4+ Kd5 23. Nc3+ Kc5 24. a4 Ba5 25. Ne4+ Kd5 26.
Kf3 Rgf8 27. Rfd1+ Ke6 28. Ng5+ Ke7 29. Rab1 Bc7 30. Rd4 Bxf4 31. Rxb7+ Bc7+
32. Ke2 Rfd8 33. h4 h6 34. Re4+ Kd6 35. Nf7+ Kd5 36. Kd3 Rab8 37. Rxb8 Bxb8 38.
h5 c5 39. Re7 c4+ 40. Kc3 Bc7 41. Kc2 Kc5 42. Kc3 a6 43. Re6 Ba5+ 44. Kc2 Rf8
45. Rxa6 Bc7 46. Nxh6 Rf2+ 47. Kb1 gxh6 48. Ra8 Kb4 49. Rc8 Kb3 50. Kc1 c3 0-1

[Event "Madrid ch  2012-13 - Semifinal A"]
[Site "Madrid ESP"]
[Date "2013.03.13"]
[Round "3.9"]
[White "Gonzalez Perez, Pedro"]
[Black "Pinel Mirasierra, Jose Pablo"]
[Result "1/2-1/2"]
[WhiteElo "2040"]
[BlackElo "1928"]
[PlyCount "157"]
[EventDate "2013.03.11"]
[EventType "swiss"]
[EventRounds "9"]
[EventCountry "ESP"]
[Source "lmi"]
[SourceDate "2013.03.11"]

1. d4 d5 2. c4 c6 3. Nf3 Nf6 4. cxd5 cxd5 5. Nc3 Nc6 6. Bf4 e6 7. e3 Bd6 8.
Bxd6 Qxd6 9. Bd3 O-O 10. O-O Nb4 11. Be2 Ne4 12. Nxe4 dxe4 13. Nd2 f5 14. Nc4
Qe7 15. f3 b5 16. Ne5 Nd5 17. Qb3 exf3 18. Bxf3 Bb7 19. Qxb5 a6 20. Qd7 Qxd7
21. Nxd7 Rf7 22. Nc5 Rb8 23. Rfe1 Bc6 24. b3 Rb6 25. Nxe6 Re7 26. Bxd5 Bxd5 27.
Nf4 Be4 28. Rac1 g5 29. Nh3 h6 30. Rc5 Rf6 31. Nf2 Bb7 32. Nd3 Be4 33. Ne5 Kg7
34. Rec1 f4 35. exf4 gxf4 36. Rc7 Rxc7 37. Rxc7+ Kg8 38. Kf2 Rd6 39. Rd7 Rb6
40. Rf7 Bb1 41. Rxf4 Bxa2 42. Rf7 Bxb3 43. Ra7 Bd5 44. Kg3 Rb2 45. Rxa6 Rxg2+
46. Kh3 Re2 47. Rxh6 Re3+ 48. Kg4 Re4+ 49. Kg5 Rxd4 50. Nd7 Be4 51. Nf6+ Kg7
52. Rh4 Rd5+ 53. Nxd5 Bxd5 54. Rh6 Bc4 55. Rc6 Bd3 56. Rc7+ Kg8 57. Kh6 Bf5 58.
Rg7+ Kh8 59. Rf7 Be6 60. Re7 Bc4 61. Rd7 Bb3 62. h4 Ba2 63. Rd8+ Bg8 64. Kg5
Kh7 65. Rd6 Bb3 66. Rd7+ Kh8 67. Kh6 Bg8 68. Kg6 Bb3 69. h5 Bc2+ 70. Kh6 Bb3
71. Rd8+ Bg8 72. Kg5 Kh7 73. Rd7+ Kh8 74. Kg6 Bb3 75. h6 Bc2+ 76. Kf6 Bb1 77.
Kg5 Bc2 78. Rg7 Bb1 79. Kf6 1/2-1/2

[Event "Madrid ch  2012-13 - Semifinal A"]
[Site "Madrid ESP"]
[Date "2013.03.13"]
[Round "3.10"]
[White "Martin Martin, Luis Vicente"]
[Black "Perez Cameselle, Francisco Jose"]
[Result "1-0"]
[WhiteElo "2030"]
[BlackElo "1875"]
[PlyCount "81"]
[EventDate "2013.03.11"]
[EventType "swiss"]
[EventRounds "9"]
[EventCountry "ESP"]
[Source "lmi"]
[SourceDate "2013.03.11"]

1. d4 Nf6 2. Nf3 g6 3. Bf4 d6 4. e3 Bg7 5. h3 Nbd7 6. Be2 O-O 7. O-O Qe8 8. c4
e5 9. Bh2 Qe7 10. Nc3 c6 11. Rc1 a6 12. b4 b5 13. c5 Ne8 14. d5 Bb7 15. dxc6
Bxc6 16. Nd5 Bxd5 17. Qxd5 Ra7 18. Rfd1 dxc5 19. bxc5 Rc7 20. c6 Nb6 21. Qd8
Qe6 22. Qb8 Rxc6 23. Rxc6 Qxc6 24. Nxe5 Qe6 25. Bg4 f5 26. Bf3 Nf6 27. Qa7 Ne4
28. Nd7 Nxd7 29. Rxd7 Qf6 30. Bf4 g5 31. Bxe4 fxe4 32. Bg3 h5 33. Kh2 h4 34.
Bd6 Rf7 35. Rxf7 Qxf7 36. Qa8+ Bf8 37. Bxf8 Qxf8 38. Qxa6 Qxf2 39. Qg6+ Kf8 40.
Qxg5 b4 41. Qf4+ 1-0

[Event "Madrid ch  2012-13 - Semifinal A"]
[Site "Madrid ESP"]
[Date "2013.03.13"]
[Round "3.12"]
[White "Cano Mercado, Francisco Manuel"]
[Black "Alvarez Abejon, Amilcar"]
[Result "0-1"]
[WhiteElo "1870"]
[BlackElo "2095"]
[PlyCount "94"]
[EventDate "2013.03.11"]
[EventType "swiss"]
[EventRounds "9"]
[EventCountry "ESP"]
[Source "lmi"]
[SourceDate "2013.03.11"]

1. d4 e6 2. c4 Nf6 3. g3 Bb4+ 4. Nc3 c5 5. e3 O-O 6. Bg2 d5 7. Nge2 dxc4 8. O-O
Nc6 9. a3 cxd4 10. exd4 Bxc3 11. bxc3 Nd5 12. Qa4 Na5 13. Rb1 Bd7 14. Qc2 Bc6
15. h4 Nb3 16. Bg5 Qa5 17. g4 Qxa3 18. Bc1 Qd6 19. Ng3 f5 20. gxf5 exf5 21. h5
Nxc1 22. Rbxc1 Ne3 23. fxe3 Qxg3 24. Qf2 Qxg2+ 25. Qxg2 Bxg2 26. Kxg2 Rae8 27.
Rf3 Re6 28. Rb1 b6 29. Kf2 g6 30. Rb4 Rc8 31. Rb5 Kf7 32. Rd5 Ke7 33. hxg6 hxg6
34. Rh3 Kf6 35. Rd7 a5 36. Rb7 Rec6 37. Rhh7 Rd8 38. Rhf7+ Kg5 39. Kf3 Ra8 40.
e4 fxe4+ 41. Kxe4 a4 42. Kd5 Rcc8 43. Rxb6 a3 44. Rg7 a2 45. Rgxg6+ Kf4 46.
Rbe6 Ra5+ 47. Kd6 Ra6+ 0-1

[Event "Madrid ch  2012-13 - Semifinal A"]
[Site "Madrid ESP"]
[Date "2013.03.13"]
[Round "3.13"]
[White "Morera Rodriguez, Ignacio"]
[Black "Lopez Heras, Arturo"]
[Result "0-1"]
[WhiteElo "1866"]
[BlackElo "1946"]
[PlyCount "100"]
[EventDate "2013.03.11"]
[EventType "swiss"]
[EventRounds "9"]
[EventCountry "ESP"]
[Source "lmi"]
[SourceDate "2013.03.11"]

1. d4 Nf6 2. c4 g6 3. Nf3 Bg7 4. Nc3 O-O 5. e4 d6 6. Be2 a6 7. O-O Nbd7 8. h3
c6 9. Re1 e5 10. dxe5 dxe5 11. Qc2 Nc5 12. Be3 Qe7 13. b4 Ne6 14. a3 Nh5 15.
Nd2 Nhf4 16. Nb3 Qg5 17. g3 Nxe2+ 18. Qxe2 Nf4 19. Qf3 Nxh3+ 20. Kh2 Qf6 21.
Qxf6 Bxf6 22. Na4 Ng5 23. Kg2 Bh3+ 24. Kh2 Be6 25. Bxg5 Bxg5 26. Nb6 Rad8 27.
Nc5 Rd2 28. Kg2 Bg4 29. Nb3 Rd3 30. Nc5 Bf3+ 31. Kg1 Rd4 32. Rab1 Rfd8 33. Nbd7
R8xd7 34. Nxd7 Rxd7 35. b5 Bd2 36. bxc6 bxc6 37. Rb8+ Kg7 38. Reb1 Bxe4 39. Rd1
Bc2 40. Ra1 Bg5 41. Rb6 e4 42. Rxa6 e3 43. fxe3 Bxe3+ 44. Kg2 Bd3 45. Re1 Bxc4
46. Ra8 Bd5+ 47. Kh3 Be6+ 48. Kg2 Rd2+ 49. Kf3 Bd4 50. Kf4 h5 0-1

[Event "Madrid ch  2012-13 - Semifinal A"]
[Site "Madrid ESP"]
[Date "2013.03.13"]
[Round "3.14"]
[White "Saber, Salah"]
[Black "Dierssen Garcia-Barredo, Guill"]
[Result "0-1"]
[WhiteElo "1863"]
[BlackElo "1887"]
[PlyCount "90"]
[EventDate "2013.03.11"]
[EventType "swiss"]
[EventRounds "9"]
[EventCountry "ESP"]
[Source "lmi"]
[SourceDate "2013.03.11"]

1. e4 e5 2. Nf3 Nc6 3. Bb5 a6 4. Ba4 Nf6 5. O-O Be7 6. d3 b5 7. Bb3 d6 8. a4
Bd7 9. Nc3 Na5 10. Nd2 Nxb3 11. Nxb3 O-O 12. axb5 axb5 13. Rxa8 Qxa8 14. h3 c5
15. Bg5 h6 16. Bxf6 Bxf6 17. Nd5 Bd8 18. Nd2 Be6 19. c4 bxc4 20. dxc4 f5 21. f3
Qb7 22. Qc2 Qf7 23. Ne3 f4 24. Ng4 h5 25. Nf2 Qg6 26. Ra1 Bh4 27. Nf1 Qg5 28.
Qd2 Bxc4 29. Qxd6 Be2 30. Nh2 Bc4 31. Qxc5 Be6 32. Kf1 Qg3 33. Kg1 Rc8 34. Qb6
Bf7 35. Nf1 Qg5 36. Nd2 Rd8 37. Nb3 Kh7 38. Rf1 Bc4 39. Re1 Bxf2+ 40. Qxf2 Bxb3
41. Ra1 h4 42. Qb6 Rd2 43. g4 Bc4 44. Qb4 Qd8 45. Qxc4 Qb6+ 0-1

[Event "Madrid ch  2012-13 - Semifinal A"]
[Site "Madrid ESP"]
[Date "2013.03.13"]
[Round "3.15"]
[White "Martin-Consuegra Barrilero, Francisco Javier"]
[Black "Montes De Santiago, Fernando"]
[Result "1-0"]
[WhiteElo "1886"]
[BlackElo "1840"]
[PlyCount "34"]
[EventDate "2013.03.11"]
[EventType "swiss"]
[EventRounds "9"]
[EventCountry "ESP"]
[Source "lmi"]
[SourceDate "2013.03.11"]

1. d4 d5 2. Bf4 Nf6 3. e3 Bf5 4. Nf3 e6 5. Be2 Bd6 6. Bg3 O-O 7. c4 c6 8. Nc3
Bxg3 9. hxg3 Nbd7 10. cxd5 exd5 11. O-O Qb6 12. Na4 Qa5 13. a3 Rfe8 14. b4 Qc7
15. Qb3 Qd6 16. Nc5 Nxc5 17. bxc5 Rab8 1-0

[Event "Madrid ch  2012-13 - Semifinal A"]
[Site "Madrid ESP"]
[Date "2013.03.14"]
[Round "4.2"]
[White "Cortes Jurado, Rafael"]
[Black "Arauz Alonso, Fernando"]
[Result "1/2-1/2"]
[WhiteElo "2085"]
[BlackElo "2084"]
[PlyCount "22"]
[EventDate "2013.03.11"]
[EventType "swiss"]
[EventRounds "9"]
[EventCountry "ESP"]
[Source "lmi"]
[SourceDate "2013.03.11"]

1. d4 d5 2. c4 e6 3. Nc3 Nf6 4. Bg5 Be7 5. Nf3 O-O 6. e3 c6 7. Qc2 Nbd7 8. cxd5
exd5 9. Bd3 Re8 10. O-O Nf8 11. Bxf6 Bxf6 1/2-1/2

[Event "Madrid ch  2012-13 - Semifinal A"]
[Site "Madrid ESP"]
[Date "2013.03.14"]
[Round "4.3"]
[White "Garcia Galeote, Lorenzo"]
[Black "Lopez De Turiso, Jose Angel"]
[Result "1/2-1/2"]
[WhiteElo "1997"]
[BlackElo "2066"]
[PlyCount "39"]
[EventDate "2013.03.11"]
[EventType "swiss"]
[EventRounds "9"]
[EventCountry "ESP"]
[Source "lmi"]
[SourceDate "2013.03.11"]

1. Nf3 d5 2. b3 e6 3. Bb2 c6 4. g3 Nd7 5. Bg2 f5 6. O-O Ngf6 7. d3 Bd6 8. Re1
e5 9. Nh4 Nb6 10. e4 fxe4 11. dxe4 d4 12. Bxd4 exd4 13. e5 O-O 14. exd6 Qxd6
15. h3 Re8 16. Rxe8+ Nxe8 17. c3 dxc3 18. Nxc3 Be6 19. Qc2 Qc5 20. Qd3 1/2-1/2

[Event "Madrid ch  2012-13 - Semifinal A"]
[Site "Madrid ESP"]
[Date "2013.03.14"]
[Round "4.4"]
[White "Martos De La Vega, Alvar"]
[Black "Ballesteros Gonzalez, David"]
[Result "0-1"]
[WhiteElo "1973"]
[BlackElo "2231"]
[PlyCount "106"]
[EventDate "2013.03.11"]
[EventType "swiss"]
[EventRounds "9"]
[EventCountry "ESP"]
[Source "lmi"]
[SourceDate "2013.03.11"]

1. d4 Nf6 2. c4 g6 3. Nc3 Bg7 4. e4 d6 5. Nf3 O-O 6. Be2 e5 7. O-O Nbd7 8. dxe5
dxe5 9. Qc2 c6 10. Rd1 Qe7 11. a3 a5 12. Rb1 Nh5 13. b4 axb4 14. axb4 Nf4 15.
Bf1 Ne6 16. c5 f5 17. Bc4 Kh8 18. exf5 gxf5 19. Bxe6 Qxe6 20. Rd6 Qc4 21. Nd2
Qh4 22. Ne2 e4 23. Nc4 Nf6 24. g3 Qg4 25. Nf4 Bh6 26. Nb6 Rb8 27. h3 Qg8 28.
Bb2 Bg7 29. Nxc8 Rbxc8 30. Ne6 Rf7 31. Rbd1 Re8 32. Rd8 h6 33. Rxe8 Nxe8 34.
Nxg7 Nxg7 35. Rd6 Kh7 36. Bc1 Qa8 37. Rxh6+ Kg8 38. Qc4 Qd8 39. Rd6 Qe7 40. h4
Ne8 41. Rg6+ Kh7 42. Rh6+ Kg8 43. Bb2 Ng7 44. h5 e3 45. Kf1 exf2 46. Bc3 Qe4
47. Qxe4 fxe4 48. Rg6 e3 49. Rxg7+ Rxg7 50. Bxg7 Kxg7 51. g4 Kh6 52. Ke2 Kg5
53. Kf1 Kf4 0-1

[Event "Madrid ch  2012-13 - Semifinal A"]
[Site "Madrid ESP"]
[Date "2013.03.14"]
[Round "4.5"]
[White "Santamaria Baeza, Adolfo"]
[Black "Martin Martin, Luis Vicente"]
[Result "0-1"]
[WhiteElo "1891"]
[BlackElo "2030"]
[PlyCount "116"]
[EventDate "2013.03.11"]
[EventType "swiss"]
[EventRounds "9"]
[EventCountry "ESP"]
[Source "lmi"]
[SourceDate "2013.03.11"]

1. e4 d5 2. e5 c5 3. Nf3 Nc6 4. Bb5 Bd7 5. Bxc6 Bxc6 6. O-O e6 7. d4 b6 8. c3
Ne7 9. Bg5 h6 10. Be3 Nf5 11. Nbd2 Be7 12. a4 Rc8 13. Re1 a5 14. Nf1 O-O 15.
Bc1 Bd7 16. Ne3 Nxe3 17. Rxe3 f5 18. exf6 Bxf6 19. Ne5 cxd4 20. cxd4 Bxe5 21.
Rxe5 Qc7 22. Be3 Qc2 23. Qxc2 Rxc2 24. Rb1 Rfc8 25. g4 Kf7 26. b3 b5 27. axb5
Bxb5 28. Ra1 Ra8 29. g5 hxg5 30. Bxg5 Bd3 31. Re3 Be4 32. b4 a4 33. Rea3 Rb2
34. f3 Bc2 35. Rc3 Bf5 36. Rc7+ Kg6 37. Bf4 a3 38. Bd6 a2 39. Bf4 Rxb4 40. Be3
Rb1+ 41. Rc1 Rxa1 42. Rxa1 Bb1 43. Kf2 Rb8 44. Bd2 Kf5 45. Ke2 Rh8 46. Ke3 Rxh2
47. Bc3 g5 48. Be1 g4 49. fxg4+ Kxg4 50. Bb4 Rh3+ 51. Ke2 Kf4 52. Bd6+ Ke4 53.
Be5 Rd3 54. Bf6 Rxd4 55. Bxd4 Kxd4 56. Kd2 e5 57. Kd1 e4 58. Ke1 Kc3 0-1